Comunicación y mundos posibles / (Record no. 13365)

MARC details
000 -LEADER
campo de control de longitud fija 00690nam a2200241 i 4500
001 - NÚMERO DE CONTROL
campo de control 13365
003 - IDENTIFICADOR DE NÚMERO DE CONTROL
campo de control ES-MaACL
005 - FECHA Y HORA DE LA ÚLTIMA TRANSACCIÓN
campo de control 20230906150545.0
007 - CAMPO FIJO DE DESCRIPCIÓN FÍSICA--INFORMACIÓN GENERAL
campo de control de longitud fija t|
008 - DATOS DE LONGITUD FIJA--INFORMACIÓN GENERAL
campo de control de longitud fija 960919s1996 sp ||||0| spa j
020 ## - NÚMERO INTERNACIONAL ESTÁNDAR DEL LIBRO
Número Internacional Estándar del Libro 84-313-1421-4
040 ## - FUENTE DE CATALOGACIÓN
Centro catalogador/agencia de origen M-BN
Lengua de catalogación spa
Centro/agencia transcriptor M-BN
080 ## - NÚMERO DE LA CLASIFICACIÓN DECIMAL UNIVERSAL
Número de la Clasificación Decimal Universal 316.77
100 1# - ENTRADA PRINCIPAL--NOMBRE DE PERSONA
Nombre de persona García-Noblejas, Juan José.
9 (RLIN) 55035
245 10 - MENCIÓN DEL TÍTULO
Título Comunicación y mundos posibles /
Mención de responsabilidad, etc. Juan José García-Noblejas.
260 ## - PUBLICACIÓN, DISTRIBUCIÓN, ETC.
Lugar de publicación, distribución, etc. Pamplona :
Nombre del editor, distribuidor, etc. EUNSA,
Fecha de publicación, distribución, etc. D.L. 1996.
300 ## - DESCRIPCIÓN FÍSICA
Extensión 274 p. ;
Dimensiones 22 cm.
490 1# - MENCIÓN DE SERIE
Mención de serie NT comunicación
650 14 - PUNTO DE ACCESO ADICIONAL DE MATERIA--TÉRMINO DE MATERIA
Término de materia o nombre geográfico como elemento de entrada Comunicación social.
9 (RLIN) 11203
830 0# - PUNTO DE ACCESO ADICIONAL DE SERIE-TÍTULO UNIFORME
Título uniforme NT comunicación
9 (RLIN) 179469
852 ## - LOCALIZACIÓN
Ubicación ES-MaACL
Número de control de estantería L-20723
Sublocalización o colección R.126362
Holdings
Estatus retirado Estado de pérdida Estado de daño No para préstamo Biblioteca de origen Biblioteca actual Ubicación en estantería Fecha de adquisición Fuente de adquisición Total de préstamos Signatura topográfica completa Código de barras Visto por última vez Precio de reemplazo Tipo de ítem Koha
        Biblioteca del Ateneo de Madrid Biblioteca del Ateneo de Madrid Depósito 2 17/01/2008     L-20723 1013608 23/02/2023 23/02/2023 Libro impreso